00700cam a22002291 4500001001300000003000400013005001700017008004100034010001700075035001900092040001800111042001200129050002000141082001000161100003100171245012800202260004600330300001700376440003200393700002800425999001700453ca 35000765 DLC20260227111138.0790827s1932 mau 000 0 eng  aca 35000765  a(OCoLC)5315735 aDLCcRPBdDLC apremarc00aPN4305.M6bF678 a815.51 aFortenbacher, Olive White.10aBig Java,ba contest selection, arranged from Maude Woodruff Newell's story of the same name,cby Olive White Fortenbacher. aBoston,bWalter H. Baker Companyc[c1932] a8 p.c20 cm. 0aBaker's manuscript readings1 aNewell, Maude Woodruff. c17889d17889